000 00731nam a2200217Ia 4500
003 GCL
005 20240530110139.0
008 140319s9999 xx 000 0 ara d
040 _aGCL /
_cGCL
082 0 4 _a780.92
_bى ذ
100 1 _aيحيى الليثى
245 1 0 _aذكرياتى مع عبدالوهاب وبحوث ودراسات موسيقية /
_cيحيى الليثى
260 _aالقاهرة :
_bالمجلس الاعلى للثقافة ،
_c1993
300 _a94 ص ؛
_c20سم
650 0 4 _aالموسيقى
650 0 4 _aالموسيقيون المصريون
650 0 4 _aالاوبرا
650 0 4 _aالموسيقى الشرقية
650 0 4 _aالموسيقيون - تراجم
942 _2ddc
_cBK
999 _c58934
_d58934